Представление документа в формате MARC21

Поле Инд. ПП Название Значение
Тип записи a
Библиографический уровень m
001 Контрольный номер 003541028
005 Дата корректировки 20150513112059.2
008 Кодируемые данные 080512s2008 y zzzz 000 1 rusdu
020 a ISBN 978-5-91559-005-1
040 a Служба первич. каталог. НБ ТвГУ
d Организация, изменившая запись RuMoRGB
e Правила каталог. rcr
041 a Код языка текста rus
080 a Индекс УДК 537(075.8)
084 a Индекс другой классификации/Индекс ББК В33я73-1
090 a Полочн. индекс В33
x Авторский знак З-61
100 1_ a Автор Зильберман Григорий Евсеевич
q Полное имя Зильберман Г. Е.
245 10 a Заглавие Электричество и магнетизм
b Продолж. заглавия [учебное пособие]
250 a Основные сведения об издании 2-е изд.
260 a Место издания Долгопрудный
c Дата издания 2008
b Издательство Интеллект
300 a Объем 374, [1] с.
b Иллюстрации/ тип воспроизводства ил.
c Размеры 22 см
520 a Аннотация Предлагаемая книга отличается от традиционных курсов электричества и магнетизма дедуктивным методом изложения: автор прежде всего дает основы представления о поле, о его источниках и вихрях, и с позиции теории векторного поля излагает весь дальнейший материал. Такое построение курса позволяет при сравнительно небольшом объеме книги рассмотреть широкий круг вопросов, охватываемых современной теорией электричества и магнетизма и электронной теорией. Подробно рассмотрена электронная теория металлов, полупроводников, диэлектриков и плазмы.
К нига рассчитана на студентов первых курсов и учителей, а также на школьников, избравших физику своей будущей специальностью.
653 a Ключевые слова Магнетизм
a Ключевые слова Учебники для вузов
a Ключевые слова Физика
a Ключевые слова Электричество
901 t Тип документа m
920 a Оператор Стру
930 a Новая/Ретро учебники
940 a физико-технический
d общая физика
952 c Вид литературы К ру
954 a Дата поступления на обработку 20111222
990 a Автор заказа (DOS) каф. общей физики
b Заказано (DOS) 60